| 000 | 02196nas1a22002891i 4500 | ||
|---|---|---|---|
| 001 | RU\NLR\INFOCOMM55\1000087914 | ||
| 005 | 20240723091041.0 | ||
| 035 | _a(NLR Aleph) 002302375 | ||
| 090 |
_a4238231 _c4238231 |
||
| 100 | _a20040924c1961 |||y0rusy50 ca | ||
| 101 | 0 | _arus | |
| 102 | _aRU | ||
| 110 | _azyu||||0|y0 | ||
| 200 | 1 |
_aРасчеты наивыгоднейших режимов работы энергосистем _fГлав. энергет. упр. при Госплане СССР. (Союзглавэнерго). Гос. трест по организации и рационализации район. электрич. станций и сетей. (ОРГРЭС). Бюро техн. информации |
|
| 207 | 1 | _aВып.2-5 | |
| 210 |
_aМ. _d1961 |
||
| 712 | 0 | 2 |
_a"Оргрэс", трест _cМосква _4570 |
| 801 | 1 |
_aRU _bInfoComm _c20040924 |
|
| 801 | 0 |
_aRU _bNLR _gPSBO |
|
| 852 |
_aNLR _jП10/2456 |
||
| 942 | _cSE | ||
| 980 | _aRUSPER | ||